000 00698cam a22002533a 4500
001 21021
003 PGUSA
005 20140828083440.0
008 070410s2007||||xxu|||||s|||||000 | eng d
040 _aPGUSA
_beng
042 _adc
050 4 _aPZ
050 4 _aPT
100 1 _aBonsels, Waldemar,
_d1880-1952
245 1 0 _aDie Biene Maja und ihre Abenteuer
_h[electronic resource] /
_cWaldemar Bonsels
260 _bProject Gutenberg,
_c2007
506 _aPublic domain in the USA.
516 _aElectronic text
653 _aChildren's literature
653 _aBees -- Folklore
830 0 _aProject Gutenberg
_v21021
856 4 0 _uhttp://www.gutenberg.org/ebooks/21021
942 _cEB
999 _c250276
_d250276